00451 a2200145 4500003000400000005001700004008004100021020001500062040000900077082001800086100002900104245012400133260003900257300000900296OSt20231123134035.0231123b |||||||| |||| 00| 0 eng d a8187134194 coclc a615.19bMUK/T aMukhopadhyay, Raghupati  aTextbook of Pharmaceutical Chemistry and medicinal chemistry /cRaghupati Mukhopadhyay, Sriparna Datta, Rajib Kumar Das aKolkata:bBooks and Allied,c2013. a348p